| 000 | 00994nab a2200241 i 4500 | ||
|---|---|---|---|
| 001 | 193670 | ||
| 003 | ES-MaACL | ||
| 005 | 20250810063056.0 | ||
| 007 | t| | ||
| 008 | 240205s1963 sp ||||1| spa d | ||
| 040 |
_aES-MaACL _bspa |
||
| 100 | 1 |
_aIglesias Laguna, Antonio, _d1927-1972 _eaut _965122 |
|
| 245 | 1 | 3 |
_aEl duque de Rivas y el de Madrid : _bRomanticismo y politización : los ateneos / _cAntonio Iglesias Laguna |
| 260 |
_a[Madrid] : _bLa Estafeta Literaria, _c1963 |
||
| 300 |
_a3 páginas : _b2 ilustraciones ; _c30 cm |
||
| 500 | _aFotocopia del artículo del escritor y ateneísta Antonio Iglesias Laguna sobre el duque de Rivas y el Ateneo de Madrid, publicado en "La Estafeta literaria", 1963, n. 277 | ||
| 600 | 1 | 4 |
_997550 _aRivas, Ángel de Saavedra, _cDuque de, _d1791-1865 |
| 610 | 2 | 4 |
_aAteneo de Madrid- _vHistoria _91925 |
| 852 | 4 |
_aES-MaACL _cDEPOF _j 2347-F-42 _9201191 |
|
| 942 |
_2udc _cANAB _n0 |
||
| 999 |
_c193670 _d193670 |
||